Biofuels and bioenergy
With increased public and scientific attention driven by factors such as oil price spikes, the need for increased energy security, and concerns over greenhouse gas emissions from fossil fuels, the production of fuels by biological systems is becoming increasingly important as the world seeks to move...
Αποθηκεύτηκε σε:
| Μορφή: | Βιβλίο |
|---|---|
| Γλώσσα: | Undetermined |
| Έκδοση: |
Chichester, West Sussex
John Wiley & Sons
2017
|
| Θέματα: | |
| Ετικέτες: |
Προσθήκη ετικέτας
Δεν υπάρχουν, Καταχωρήστε ετικέτα πρώτοι!
|
| Thư viện lưu trữ: | Trung tâm Học liệu Trường Đại học Cần Thơ |
|---|
| LEADER | 00909nam a2200205Ia 4500 | ||
|---|---|---|---|
| 001 | CTU_226909 | ||
| 008 | 210402s9999 xx 000 0 und d | ||
| 020 | |c 1488000 | ||
| 082 | |a 662.88 | ||
| 082 | |b B615 | ||
| 245 | 0 | |a Biofuels and bioenergy | |
| 245 | 0 | |c John Love, John A. Bryant (edited) | |
| 260 | |a Chichester, West Sussex | ||
| 260 | |b John Wiley & Sons | ||
| 260 | |c 2017 | ||
| 520 | |a With increased public and scientific attention driven by factors such as oil price spikes, the need for increased energy security, and concerns over greenhouse gas emissions from fossil fuels, the production of fuels by biological systems is becoming increasingly important as the world seeks to move towards renewable, sustainable energy sources. | ||
| 650 | |a Năng lượng sinh khối,Biomass energy | ||
| 904 | |i Nhi | ||
| 910 | |b dqhieu | ||
| 980 | |a Trung tâm Học liệu Trường Đại học Cần Thơ | ||